00612nam a2200193Ia 4500008004100000100001900041245004200060245001800102260002500120260000900145300002800154440009100182650001600273650001100289650001200300650001300312999001900325952007400344200115s9999 xx 000 0 und d aDiNuzzo, Emily aWhy dermatologists don't use loofahs/ cEmily DiNuzzo bReader's Digest Asia c2019 aPage 22, September 2019 aAsia Reader's Digest: My Coma Miracle Cyclist's Triumph after horror accidentv116:679 adermatology ahealth ahygiene askincare c362931d362931 001040aLuxbLuxd2020-01-15l0r2020-01-15 00:00:00w2020-01-15ySE